IEP Lyon - CF Sociologie Historique de l'Etat (5) - Statistiques

Statistiques générales
  • Ce quiz a été pris 12 fois
    10 depuis la dernière actualisation
  • Le résultat moyen est 41 sur 68
Statistiques - réponses
Hint Réponse % Correct
Laloi Pierre (Ernest Lavisse), La première année d’instruction civique, Paris, Armand- Colin, 1880 : créer des individus autonomes, prévoyants et émancipés de toute tutelle. "443. Vous avez le ... de voter, et vous voterez toujours selon votre conscience. 444. Vous n'avez pas le droit de vous désintéresser des choses publiques, et de dire qu'elles ne vous regardent pas." devoir
100%
Une ... du profil des élus : tableau précisant l’origine sociale des élus de la république : déclin de l’aristocratie foncière et de la haute bourgeoisie au profit de la petite et moyenne bourgeoisie. diversification
100%
Selon le D, 3ème République = moment d’immense questionnement sur la relation entre l’individu et de l’... Nébuleuse intellectuelle qui manifeste volonté de dépasser tensions individualisme et socialisme. Dans ses recherches on peut le voir avec une recherche d’un modèle d’interdépendance civique qui rapproche l’... républicain de l’individu. Etat
100%
La démocratie n’est possible que grâce à l’école, que grâce à l’instruction, particulièrement instruction civique. C’est au centre du programme éducatif de la troisième républiques, avec les lois ferry de 1881 et 1882 qui rendent l’école primaire gratuite ... et ... laïque / obligatoire
100%
● La loi du 30 juin 1881 : liberté de ... publique sans autorisation ● La loi sur la ... du 29 juillet 1881 : régime (plus) libérale en matière de ..., en passant d’un régime d’autorisation à un régime de déclaration. Parfois décrite comme l’âge d’or de la ... (écrite). réunion / presse
100%
Les républicains et les démocrates font tenter de promouvoir un système vraiment alternatif à leur époque, égalitaire et appuyé sur des principes révolutionnaires et caractérisé par un attachement aux libertés publiques. Ce camp est plutôt hétérogène mais il y a des accords sur certains principes fondamentaux : ● ... nationale : doit être détenue par le peuple et dans le respect de droits antérieurs et supérieurs à la volonté individuelle ● Parlementarisme : prééminence de l’organe représentatif souveraineté
100%
Mais le grand principe est la participation des tous les citoyens à la vie politique, surtout à partir du ... universel masculin. suffrage
100%
De quelle année date la loi sur les accidents du travail ? 1898
80%
Au milieu du ...ème siècle se développe une préoccupation pour l'hygiène publique : transformation des représentations de ce qui relève du privé et du public. Qui va finir par imposer un point de vue : celui du médecin-hygiéniste qui devient acteur clé du débat public 19
80%
La loi du 7 juillet ... interdit l'enseignement à toute congrégation et dissout toute congrégation exclusivement enseignante 1904
80%
2 - la laïcité "antireligieuse" : Ex : Maurice ..., socialiste révolutionnaire, veut la fin de l’influence « malfaisante » des religions. Moins la « séparation » que la « suppression des Églises par l’État ». cherche à reprendre tous les biens religieux par l’Etat, veut interdire les sons religieux comme les cloches, interdire les soutanes sur la voie publique… Allard
80%
La Loi sur les ... (1901) et la question des ... : enflamme la situation. 4 types d'associations (déclarées, non-déclarées, d'utilité publique et ... religieuses) association / congrégation
80%
Qui a écrit Les Elites de la République. 1880-1900, (1987) ? Christophe Charle
80%
● De responsabilité individuelle à la responsabilité ... et la solidarité ("charité = choix; solidarité = droit")● Le droit à l’assistance sociale (un certain nombre de réforme) collective
80%
Sur les associations cultuelles : « Et si la loi prescrit que les associations cultuelles doivent être constituées conformément aux règles d'organisation générale du culte, dont elles se proposent d'assurer l'exercice, d'autre part, on a bien soin de déclarer que, dans tous les différends qui pourront naître relativement à leurs biens, seul le Conseil d'... sera compétent. Ces associations cultuelles elles-mêmes seront donc, vis-à-vis de l'autorité civile dans une dépendance telle, que l'autorité ecclésiastique, et c'est manifeste, n'aura plus sur elles aucun pouvoir." Etat
80%
● 1902-1906 : L’assemblée nationale dominée par le « Bloc des ... »: des modérés et des radicaux gauche
80%
avec l’introduction des ... versés aux élus (vivre de la politique) et avec la rationalisation des ... électorales (développement de l’isoloir, des urnes, des listes, des bulletins standards…) indemnité / technologie
80%
Quel pelo parle de 4 éléments pour fonder les différentes conceptions sur ce qui est ou doit être la laïcité ? Jean Baubérot
80%
La loi de 1905 : ❖ « La République ne reconnaît, ne salarie, ni ne subventionne aucun culte » (art. 2). ❖ La ...-autonomie des cultes : « La République assure la ... de conscience. Elle garantit la ... des cultes, sous les seules restrictions édictées dans l’intérêt de l’ordre public » (art. 1). liberté
80%
Création d’un ... de la Santé Publique en 1920 : consacre l’Etat hygiéniste et préfigure l’Etat providence. Émergent des figures hygiénistes : préfigurant le technocrate de l’après 2nde guerre mondiale : car valorisant une représentation de l’Etat qui doit transcender les clivages politiques traditionnels ministère
80%
● La révolution ...ienne comme révolution scientifique et socio-politique : dans les années 1870-80, les avancées de la médecine bactériologique sous l’impulsion de ... constitue une révolution scientifique mais aussi socio-politique. La découverte du rôle des microbes et virus va entrainer un bouleversement des conceptions du lien social. Pasteur
80%
Vient de la contradiction entre un régime basé sur la propriété ... et de régime politique qui est de plus en plus fondé sur une aspiration à l’égalité et l’indépendance des individus. privée
80%
● Le « ... » de Léon Bourgeois (1851-1925) : leader ou membre majeur du parti radical. C’est une nouvelle doctrine qui prend appuie sur le pasteurisme mais s’en distingue. On parle parfois d’Etat solidariste. solidarisme
80%
Il y aurait 3 types d'élites distinctes : politico-administrative, ... et des ... (écrire une des deux restantes) - partiellement différenciées car même système de valeur, même si celle du milieu se distingue plus universitaire / affaire
80%
La même année, c'est la rupture des relations diplomatiques avec le ... (le 29 juillet) Vatican
80%
1er seul de laïcisation (1789-1806) : rappel, proclamation liberté de culte en ... + régime concordataire (juillet 1801) : "cultes reconnus" 1791
60%
● La loi du 15 février ... : imposition d'une 1ère vaccination obligatoire (la variole) 1902
60%
○ 1893 : loi sur l’... médicale : système national avec des dépenses à la charge des collectivités publiques et locales (dimension locale très importante)
○ 1894 : loi sur les enfants abandonnés : prévoit une assistance obligatoire en leur faveur.
○ 1905 : loi sur l’... aux vieillards (+ 70 ans) invalides et indigents :
○ 1910 : loi sur les retraites ouvrières et paysanne (ROP) : enflamme le parlement car c’est une obligation qui passe mal pour un Etat libéral… la CGT aussi s’y oppose car beaucoup d’ouvriers meurent avant la retraite
assistance
60%
L’enjeu : les ... cultuelles (art. 4)
● La perspective du non respect des règles édictées par les autorités religieuses…
● Ajout : les associations cultuelles devront se conformer « aux règles générales du culte dont elles se proposent d’assurer l’exercice ».
● Culture syndicale d’A. Briand vs culture individualiste de F. Buisson
L’enjeu : réussir la séparation
association
60%
Le pelo dit qu'une nouvelle classe dominante appraraît, attachée à la transformation du mode de reproduction de la domination. C’est à dire que le mode ancien appuyé sur la famille est remplacé par un nouveau modèle appuyé sur la ... et sur le ... capacité / mérite
60%
● Surtout loi du 28 mars 1882 (Jules Ferry) : instruction ... et ... : loi centrale dans cette dynamique de laïcisation. D’une part substitue l’instruction ... et ... à l’ancienne instruction morale et religieuse qui était au coeur des programmes de l’école concordataire. civique / morale
60%
1- la « laïcité ... » : maintient du régime .... Cultes reconnus et non laïcisation de l’école publique. Encore en place en Alsace. L'abbé H. Gayraud, républicain, préfère ce régime à la suppression. concordataire
60%
D'après Marcel Gauchet, autour de 1900 on prend l’habitude de penser et de parler la politique en termes de ... et .... droite / gauche
60%
2ème seuil de laïcisation (1882-1905) : 2 étapes 1) La séparation des Eglises et de l'... (années 1880) école
60%
3 - Laïcité « ... et ... » : Ex : Emile Combes, radical. Contrôle de la religion et suppression des congrégations liées à Rome. Pour un catholicisme français éclairé. Moins séparer l’Eglise et l’Etat que le catholicisme français de Rome. gallicane / autoritaire
60%
● + loi ... du 30 octobre 1886 : « Dans les écoles publiques de tout ordre, l'enseignement est exclusivement confié à un personnel laïque » (art. 17) Goblet
60%
Quel républicain "modéré", ministre de l'instruction publique à cette époque, joue un rôle très fort dans cette séparation ? Jules Ferry
60%
● Jean Baubérot, Les sept laïcités françaises (2015) : considère qu’il y a plusieurs conceptions de la ... ou idéaux types de la laïcité qui s’opposent. ● Seuils et idéaux types laïcité
60%
Qui a dit que l'école doit "éclairer chaque jour davantage le suffrage universel" ? Léon Gambetta
60%
Quel pape écrit deux lettres pour pousser les catholiques à accepter la République en 1892 ? Léon XIII
60%
Deux exemples dans des manuels d’instruction civique : on peut y noter l’ambition de promouvoir une ambition électorale sincère et rationnelle, avec une image ... du devoir de l’électeur.
Paul Bert, L'Instruction civique à l'école, Paris, Picard-Bernheim et Cie, 7ème éd., 1882
« Si vous votez bien, on vous fera de bonnes ..., et vous serez libres et tranquilles ; si vous votez mal, on vous fera de mauvaises ..., qui peuvent vous ruiner, vous enlever toute liberté, vous faire avoir la guerre sans raison ni justice. Il n'y a donc rien de plus important que de bien voter. »
loi
60%
● De la « police ... » (cas typique de la lutte contre le choléra au milieu du 17ème, on l’on s’attaquait à la maladie dans ses foyers d’apparition) au programme pastorien des républicains (missions infinies : l’Etat doit agir durant tout le cycle de vie de l’individu : empêcher le développement d’épidémie). médicale
60%
Quel pape condamne fortement cette loi avec son encyclique Vehementer nos (11 février 1906) ? Pie X
60%
--> activité de ... (régalienne) avec une forme de .. sanitaire qui doit protéger les populations (1850 loi logements insalubres) police
60%
Qu’est-ce qu’un Etat « Républicain » ? Durkheim fonde ces théories à ce moment là.
La « République ... » (1880-1914) : une période clef dans l’imaginaire national et dans la formation de l’idéal républicain
L’Etat au prisme de la modernité démocratique
triomphante
60%
Cela illustre le passage d'une logique assistancielle à une logique ... : rupture majeure avec le code civil de 1804, refus du principe de la responsabilité individuelle assurantielle
40%
● Et la séparation ? Demandes « de manière rituelle la suppression du ... des cultes » (Jacqueline Lalouette) : “l’arlésienne de la 3ème république, elle n’arrive jamais” tous les ans des députés demandaient la suppression du ... des cultes budget
40%
La surveillance politique des fonctionnaires
• Le développement des ... ministériels
• Des pressions multiples pour s’assurer du loyalisme des fonctionnaires
• Le débat sur le statut des fonctionnaires
L’Etat républicain prolonge les aspirations libérales de la révolution française
cabinet
40%
● « (la division du travail est) le système ...-... de l’organisme social. C’est ce système que, dans la langue courante, on désigne sous le nom d’État » (De la division du travail social) --> plus les sociétés se dvp, plus l'Etat se dvp cérébro-spinal
40%
● Les congrégations soumises à une autorisation préalable. Le gouvernement ... et sa politique anti congrégations. Donc un régime spéciale pour ces associations. Les Républicains sont assez remontés contre l’organisation religieuse et le président du Conseil va refuser et dissoudre de nombreuses autorisation et congrégation. Ce qui cause des émeutes puisque la population est très religieuse. ex : expulsion de la grande chartreuse (1903) Combes
40%
Crainte d'un ... d'Etat qui conduirait Etat à dominer et écraser société civile. Ce ... vient d’une société de masse totalement atomisée sans groupes intermédiaires despotisme
40%
❖ 3 lois pour compléter celle de 1905 : loi du 2 janvier 1907, loi du 28 mars 1907 et loi 13 avril 1908 : « Pour être scientifiquement pertinent, il faut parler "des (quatre) lois de séparation" » (JB) ❖ 1924 : création des « associations ... » (associations cultuelles catholiques), acceptée par Pie XI (encyclique Maximam gravissimamque du 18 janvier 1924) diocésaine
40%
Développement ultérieur d’une laïcité « ouverte » et d’une laïcité « ... » la laïcité dominante « a glissé de gauche à droite, voire, en partie à l’extrême droite » (JB) identitaire
40%
● ... en faveur des droits de l’homme : le devoir pour l’Etat d’intervenir dans l’organisation sociale, plutôt modérée au départ, de façon à asser l’épanouissement et l’effectivité des droits (consacrés par la révolution) ● Valeurs morales et juridiques fondamentales universelles interventionnisme
40%
● La ville comme ... de nouvelles formes d’intervention sociales. L'hygiéniste intervient plutôt dans le territoire urbain. laboratoire
40%
● L’idéologie méritocratique comme instrument de ... : dans les faits cela permet un attachement de la population au nouveau régime par la population, mais peu d’individu en profitent. légitimation
40%
Nommer au moins un de ces 4 éléments liberté de conscience / égalité / séparation / neutralité
40%
« il n’existe pas un "... français de laïcité", mais différentes représentations selon les acteurs sociaux » (JB) modèle
40%
Cette période est souvent présentée comme un moment fort de la dynamique de ... politique (A. Garrigou) avec un moment clef pour penser l’essor des partis politiques professionnalisation
40%
2) Séparation Eglise et Etat (1905) Contexte très spécifique qui permet de comprendre pourquoi les députés remettent la surpression du budget à l’agenda : ● Le « ... » des catholiques : les jeunes catholiques se rallient au fur et à mesure à la république alors qu’avant ils étaient plus royalistes ralliement
40%
Paul Bert (ministre de l’instruction publique et des cultes 81 82) : il faut « inspirer à l'enfant un ... quasi-religieux pour ce grand acte de vote qui, jusqu'à présent, est par tant de personnes encore traité si légèrement.» (1882) respect
40%
Mais en 1905 deux modèles de laïcité sont dominants : 4 - la laïcité ... stricte (Ferdinand Buisson) : liberté de conscience des individus, l'Etat ignore les organisations religieuses 5 - la laïcité ... accommodante (Aristide Briand) : Etat doit tenir compte des structures des organisations religieuses séparatiste
40%
C’est pour cela que le système parlementaire est voté sous la forme d’un pouvoir ... : une chambre des députés représentants la nation au suffrage universel masculin, et un sénat (1ère loi de démocratisation). 2 lois de 1871 et 1884 : démocratisation à l’échelon locale avec l’élection des représentants locaux. bicaméral
20%
les leaders religieux sont salariés et les Églises reconnues comme institutions de droit public. Le rôle des ... dans le système d’enseignement : jouent un rôle très fort. clerc
20%
❖ Les Églises ne sont plus de droit public ❖ Autonomie ... mais parc immobilier culturel à l’État, départements et communes (mis gratuitement à la disposition des Églises). financière
20%
● Le rôle de l’Etat : ... / ... l’individu : plus l’Etat se développe plus on doit observer une émancipation des rapports de domination primaire (famille, région etc…). L’Etat contribue à desserrer ces liens sur les autorités traditionnelle font peser sur les individus. libérer / émanciper
20%
L’Etat providence (Rosanvallon) est fondé sur un ensemble de règles et de normes de ... qui fixe les devoirs de la société envers chaque individu. L’Etat hygiéniste a pour cible la société prise comme un tout, cet Etat doit produire le social, et pas protéger l’individu redistribution
20%
● Pour de nouveaux groupements professionnels et le développement d’une « ... de la morale » avec une nouvelle morale civique et laïque pour compenser la perte de morale religieuse. science
20%
Aucun quiz correspondant
Distribution des résultats
% des personnes avec chaque résultat
Percentile par nombre de réponses
Votre historique - résultats
Vous n’avez pas pris ce quiz depuis la dernière actualisation